Coding theorems of classical quantum information theory/ (Record no. 596374)

MARC details
000 -LEADER
fixed length control field 01180nam a2200361 a 4500
001 - CONTROL NUMBER
control field vtls000736389
003 - CONTROL NUMBER IDENTIFIER
control field NLI
005 - DATE AND TIME OF LATEST TRANSACTION
control field 20210627043914.0
008 - FIXED-LENGTH DATA ELEMENTS--GENERAL INFORMATION
fixed length control field 110317s2007 ii a e 001 0 eng d
020 ## - INTERNATIONAL STANDARD BOOK NUMBER
International Standard Book Number 8185931755;
039 #9 - LEVEL OF BIBLIOGRAPHIC CONTROL AND CODING DETAIL [OBSOLETE]
-- 201103171908
-- Chanchalg
040 ## - CATALOGING SOURCE
Original cataloging agency NLI:
Language of cataloging eng
041 0# - LANGUAGE CODE
Language code of text/sound track or separate title eng
044 ## - COUNTRY OF PUBLISHING/PRODUCING ENTITY CODE
MARC country code ii
082 04 - DEWEY DECIMAL CLASSIFICATION NUMBER
Classification number 003.54
Edition number 22
100 1# - MAIN ENTRY--PERSONAL NAME
Personal name Parthasarathy, K. R.
9 (RLIN) 725735
245 10 - TITLE STATEMENT
Title Coding theorems of classical quantum information theory/
Statement of responsibility, etc. K. R. Parthasarathy
260 ## - PUBLICATION, DISTRIBUTION, ETC.
Place of publication, distribution, etc. New Delhi:
Name of publisher, distributor, etc. Hindustan Book,
Date of publication, distribution, etc. c2007
300 ## - PHYSICAL DESCRIPTION
Extent xii,158p.:
Other physical details ill;
Dimensions 25cm
504 ## - BIBLIOGRAPHY, ETC. NOTE
Bibliography, etc. note Includes bibliographical references and index
650 #0 - SUBJECT ADDED ENTRY--TOPICAL TERM
Topical term or geographic name entry element Information theory
9 (RLIN) 725736
650 #0 - SUBJECT ADDED ENTRY--TOPICAL TERM
Topical term or geographic name entry element Quantum theory
General subdivision Mathematics
9 (RLIN) 725737
650 #0 - SUBJECT ADDED ENTRY--TOPICAL TERM
Topical term or geographic name entry element Coding theory
9 (RLIN) 725738
650 #0 - SUBJECT ADDED ENTRY--TOPICAL TERM
Topical term or geographic name entry element Information theory in mathematics
9 (RLIN) 725739
887 ## - NON-MARC INFORMATION FIELD
Content of non-MARC field chanchalg
901 ## - LOCAL DATA ELEMENT A, LDA (RLIN)
a DB102542:
b 07.05.2007
902 ## - LOCAL DATA ELEMENT B, LDB (RLIN)
a E 003.54 P 257
904 ## - LOCAL DATA ELEMENT D, LDD (RLIN)
a chanchalg
949 ## - LOCAL PROCESSING INFORMATION (OCLC)
-- VIRTUAITEM
-- 10000
-- 100
6 DBA000102542ENG
942 ## - ADDED ENTRY ELEMENTS (KOHA)
Source of classification or shelving scheme Dewey Decimal Classification
Koha item type Books
Holdings
Withdrawn status Lost status Damaged status Not for loan Collection code Home library Current library Shelving location Date acquired Total Checkouts Full call number Barcode Date last seen Price effective from Koha item type
        New English National Library of India National Library of India New English - Main Stack Division     E 003.54 P 257 DBA000102542ENG 27/06/2021 27/06/2021 Books
                                                                           
web counter

Copyright ©2020 The National Library of India, Govt. of India ↔ Hosted by NVLI, MOC ↔ Technology and Design by National Library of India, Ministry of Culture, Govt. of India